Liber Spiritualis

Vecný výkladový abecedný slovník rozličných poznatkov

Podrobná bibliografia
Médium: Rukopis Kniha
Jazyk:latinčina
nemčina
Fyzický popis:317 strán rukopis, viazaný 17 cm
Vydavateľské údaje: [Miesto vzniku nie je známe] [medzi 1701 a 1750?]
Predmet:

MARC

LEADER 00000ntmaa2200000 a 4500
001 vtls011733562
003 SK-MaSNL
005 20260301182634.0
008 230802q1701 xx ||d 000n1 lat
035 |a urn:nbn:sk:snk-tm00elnv 
035 |a urn:nbn:sk:snk-tm3n3o6 
035 |a C7B334CC-43E9-4E12-9E4F-363AE1079CBC 
040 |a SNKLA  |b slo  |c SNKLA  |e AACR2 
041 0 |a lat  |a ger 
044 |a xx 
072 7 |a 27-78  |x Kresťanské združenia, spolky a organizácie. Rehoľné rády  |2 konspekt 
080 |a (038)  |2 2011 
080 |a 025.171  |2 2011 
245 0 0 |a Liber Spiritualis 
246 3 3 |a Vecný výkladový abecedný slovník rozličných poznatkov 
260 |a [Miesto vzniku nie je známe]  |c [medzi 1701 a 1750?] 
300 |a 317 strán  |b rukopis, viazaný  |c 17 cm 
500 |a Na chrbte knihy nalepený štítok s titulom a dolu písmeno W napísané červeným atramentom 
520 2 |a Vecný výkladový abecedný slovník rozličných poznatkov 
546 |a Napísané latinsky, čiastočne nemecky 
555 0 |a Inventár rukopisov Archívu literatúry a umenia Matice slovenskej. Rukopisy historických knižníc na Slovensku II. Martin : Matica slovenská 1995 
610 2 7 |a Jezuiti (Bratislava, Slovensko)  |2 SNKLA  |9 170782 
655 7 |a výkladové slovníky  |2 SNKPH  |9 69007 
655 7 |a rukopisy  |2 SNKPH  |9 70548 
852 |a Slovenská národná knižnica  |b Literárny archív 
852 |a Slovenská národná knižnica  |b Literárny archív 
958 |a ZH 
958 |a LAVD 
999 |c 854343  |d 856273 
952 |a SNKLA  |b SNKLA  |c SNKLA_DEP  |y NEVYP  |7 0  |p 17A1227766  |o snkRHKS 1357  |0 0  |1 0  |4 0  |d 2017-12-21  |f 1  |l 0  |r 2026-02-24 04:52:16  |w 2026-02-24